000
00299nam a22001217a 4500
008
160510b xxu||||| |||| 00| 0 eng d
020
_a
9780073374604
020
_a
9780073374604
041
_a
eng
080
_a
61
245
_a
Computers in the medical office:
_c
Susan M. sanderson;
942
_2
udc
_c
BK
999
_c
1999
_d
1999